Images of war /

Saved in:
Bibliographic Details
Corporate Author: Boston Publishing Company
Other Authors: Fischer, Julene, Stone, Robert
Format: Book
Language:English
Published: Boston, MA : Boston Pub. Co., 1986.
Series:The Vietnam experience
Subjects:
Tags: Add Tag
No Tags, Be the first to tag this record!
Call Number :DS557.7

MARC

LEADER 00000nam a2200000 c 4500
001 95861
003 MY-KLNDU
005 20250922163648.0
006 a||||| |||| 00| 0
007 ta
008 241112s19861986us a b 00 eng d
020 |a 0939526182 (hbk) 
040 |a MY-KlNDU  |b eng  |c MY-KlNDU  |e rda 
050 0 0 |a DS557.7 
090 |a DS557.7  |b .I48 1986 
245 1 0 |a Images of war /  |c [edited] by Julene Fischer and the picture staff of Boston Publishing Company ; text by Robert Stone. 
264 1 |a Boston, MA :  |b Boston Pub. Co.,   |c 1986. 
300 |a 192 pages :  |b ill. (some col.) ;  |c 29 cm. 
336 |a text  |2 rdacontent 
337 |2 rdamedia  |a unmediated 
338 |a volume  |2 rdacarrier 
490 1 |a The Vietnam experience 
650 0 |a  Vietnam War, 1961-1975. 
650 0 |a Vietnam War, 1961-1975 $v Pictorial works. 
700 1 |a Fischer, Julene. 
700 1 |a  Stone, Robert, 
710 2 |a Boston Publishing Company. 
830 0 |a The Vietnam experience 
942 |2 lcc  |c 1 
999 |c 95861  |d 95861